| 000 | 00844nam a2200289 a 4500 | ||
|---|---|---|---|
| 001 | 000110271 | ||
| 003 | CHAP | ||
| 005 | 20220329144125.0 | ||
| 008 | 140808s2014 it j |r| |||||||spa d | ||
| 010 | _a106733 | ||
| 011 | _a107705 | ||
| 020 | _a9789251082133 | ||
| 040 | _cCHAP | ||
| 082 | 0 | 4 |
_a363.119 _bF21y |
| 245 | 1 | 0 |
_aImplementation guidelines on part B of the code, the voluntary guidelines and the safety recommendations / _cpor FAO. |
| 260 |
_aRoma : _bFAO _bILO, _c2014. |
||
| 300 |
_axi, 78 p. : _btabs. |
||
| 590 |
_aE5995AHE _b05 _c20140808 _lUCH01 _h1007 |
||
| 650 | 1 | 4 |
_aBarcos pesqueros. _9125774 |
| 650 | 1 | 4 |
_aConstrucción de barcos. _927390 |
| 650 | 1 | 4 |
_aDiseño de bloques. _932728 |
| 650 | 1 | 4 |
_aMano de obra. _970527 |
| 650 | 1 | 4 |
_aSeguridad en el trabajo. _9125775 |
| 901 | _aBK | ||
| 942 | _cLIBRO | ||
| 942 | _n0 | ||
| 999 |
_c106733 _d106733 |
||